Countries bordering the Pacific Ocean - Statistics

General Stats
  • This quiz has been taken 1,453 times
  • The average score is 40 of 43
Answer Stats
Answer % Correct
United States
99%
Australia
98%
Canada
98%
Chile
98%
Japan
97%
China
96%
Indonesia
96%
Mexico
96%
New Zealand
96%
Panama
95%
Peru
95%
Russia
95%
Vietnam
95%
Colombia
94%
Ecuador
94%
North Korea
94%
South Korea
94%
Costa Rica
93%
Fiji
93%
Malaysia
93%
El Salvador
92%
Tuvalu
92%
Vanuatu
92%
Guatemala
91%
Papua New Guinea
91%
Philippines
91%
Samoa
91%
Taiwan
91%
Thailand
91%
Honduras
90%
Marshall Islands
90%
Nauru
90%
Nicaragua
90%
Palau
90%
Tonga
90%
Solomon Islands
89%
Cambodia
88%
Federated States of Micronesia
88%
Kiribati
88%
Singapore
88%
Timor-Leste
87%
Brunei
86%
Argentina
84%
No matching quizzes found
Score Distribution
Percent of People with Each Score
Percentile by Number Answered
Your Score History
You have not taken this quiz